LIBRARY & INFORMATION CENTRE, KCAET, TAVANUR

ONLINE PUBLIC ACCESS CATALOGUE (OPAC)

Mechanics of materials: a modern integration of mechanics and materials structural design / (Record no. 13089)

MARC details
000 -LEADER
fixed length control field 00467cam a2200157ua 4500
003 - CONTROL NUMBER IDENTIFIER
control field OSt
008 - FIXED-LENGTH DATA ELEMENTS--GENERAL INFORMATION
fixed length control field 250512b |||||||| |||| 00| 0 eng d
041 ## - LANGUAGE CODE
Language code of text/sound track or separate title eng
082 ## - DEWEY DECIMAL CLASSIFICATION NUMBER
Classification number 624.17
Item number JEN/ME
100 ## - MAIN ENTRY--AUTHOR NAME
Personal name Jenkins, Christopher .
245 ## - TITLE STATEMENT
Title Mechanics of materials: a modern integration of mechanics and materials structural design /
260 ## - PUBLICATION, DISTRIBUTION, ETC. (IMPRINT)
Place of publication New Delhi :
Name of publisher Elsevier ,
Year of publication 2007.
300 ## - PHYSICAL DESCRIPTION
Number of Pages 394 ;
Accompanying material `.
700 1# - ADDED ENTRY--PERSONAL NAME
Personal name Khanna, Sanjeev K .
942 ## - ADDED ENTRY ELEMENTS (KOHA)
Koha item type Books
Holdings
Withdrawn status Lost status Damaged status Home library Current library Date acquired Full call number Accession Number Koha item type
      KAUAET KAUAET 07/04/2012 624.17 JEN/ME 21439 Books
free website counter